| 000 | 00322nam a2200109Ia 4500 | ||
|---|---|---|---|
| 008 | 230907s9999||||xx |||||||||||||| ||und|| | ||
| 082 |
_a658.26 _bEGG |
||
| 100 |
_aEggink, John _9115797 |
||
| 245 |
_aManaging energy costs: a behavioral and non-technical approach / _cJohn Eggink. |
||
| 260 | _c2019-09-27 | ||
| 942 |
_2ddc _cEB |
||
| 999 |
_c599651 _d599651 |
||